[Event "RUS-IND U14 Match 2019"]
[Site "Sochi"]
[Date "2019.06.06"]
[Round "1.37"]
[White "Gukesh D"]
[Black "Murzin, Volodar"]
[Result "1/2-1/2"]
[WhiteElo "2543"]
[BlackElo "2418"]
[Annotator "TA"]
[PlyCount "69"]
[EventDate "2019.06.02"]
[EventType "team-tourn"]
[EventCountry "RUS"]
[SourceTitle "playchess.com"]
[Source "ChessBase"]
[SourceQuality "1"]
[WhiteTeam "India"]
[BlackTeam "Russia"]
[WhiteTeamCountry "IND"]
[BlackTeamCountry "RUS"]

{[%evp 9,69,-13,14,0,0,8,4,0,0,8,7,7,22,21,23,27,44,0,0,0,0,0,0,0,20,0,0,-8,0,0,0,-28,-28,-28,-28,-21,-23,-28,-28,-28,-28,-31,0,0,0,0,0,0,0,0,0,0,0,0,0,0,0,0,0,0,0,0]} 1. e4 c6 2. Nf3 d5 3. exd5 cxd5 4. Ne5 Nc6 5. d4 (5. Bb5 Bd7 6. Nxd7 Qxd7 7. d4 a6 8. Be2 e6 9. c3 Nf6 10. Nd2 Bd6 11. Nf3 O-O {0-1 (51) Duda,J (2737)-So,W (2780) chess.com INT 2018}) 5... Qb6 6. Nc3 {B10: Caro-Kann: 2 d3 and 2 c4} e6 7. Bb5 Nge7 $146 ({Predecessor:} 7... Nf6 8. O-O Be7 9. a4 O-O 10. Bxc6 bxc6 11. a5 Qc7 12. Bf4 Bd6 13. Na4 {½-½ (13) Gervasio,R (2317)-Verat,L (2306) Villeurbanne 2004}) 8. Qh5 Ng6 9. Nxg6 fxg6 10. Qe5 {[#] Black must now prevent Nxd5.} Qxb5 (10... Bd7 {seems wilder.} 11. Bxc6 Qxc6 12. h4 Bb4 13. Qxg7 Bxc3+ 14. bxc3 Qxc3+ 15. Bd2 Qxa1+ 16. Ke2 Bb5+) 11. Nxb5 Nxe5 12. dxe5 {Threatens to win with Nc7+.} Kf7 13. Be3 {Strongly threatening Nc7.} Bd7 14. Nd4 Be7 15. h4 b5 16. Kd2 Rac8 17. Rh3 Rc4 18. g4 Rhc8 19. a3 a5 {[%cal Ba7a5,Ba5a4][%mdl 32]} 20. f4 b4 21. axb4 Bxb4+ 22. Kd1 a4 23. c3 Be7 24. Bd2 Bc5 (24... Bf8 {is interesting.} 25. Ra2 Bc5 26. Rd3 Rb8 27. Ke2 Bc8) 25. Rd3 Bxd4 (25... h6 {feels hotter.} 26. Ke2 Be7 27. Ra2 R4c7 28. Be1 Rb7) 26. Rxd4 {The position is equal.} Rxd4 27. cxd4 $15 {[%mdl 4096] Endgame KRB-KRB} h5 28. g5 Bb5 29. Bc3 Bc4 30. Kd2 Bb3 31. Rc1 Rc4 32. Kd3 Rc6 33. Kd2 Rc4 34. Kd3 Rc6 35. Kd2 {Accuracy: White = 63%, Black = 83%.} 1/2-1/2

[Event "RUS-IND U14 Match 2019"]
[Site "Sochi"]
[Date "2019.06.06"]
[Round "1.38"]
[White "Mendonca, Leon Luke"]
[Black "Tsvetkov, Andrey"]
[Result "1/2-1/2"]
[WhiteElo "2405"]
[BlackElo "2323"]
[Annotator "TA"]
[PlyCount "125"]
[EventDate "2019.06.02"]
[EventType "team-tourn"]
[EventCountry "RUS"]
[SourceTitle "playchess.com"]
[Source "ChessBase"]
[SourceQuality "1"]
[WhiteTeam "India"]
[BlackTeam "Russia"]
[WhiteTeamCountry "IND"]
[BlackTeamCountry "RUS"]

{[%evp 13,125,0,0,0,42,39,41,41,37,14,44,26,28,-31,0,-27,-30,-43,-45,-33,-37,-29,-26,-20,-38,-37,-21,-25,-4,-5,0,0,0,0,0,0,0,0,0,-33,-12,-123,-125,-126,-114,-125,-122,-135,-5,0,-2,-6,0,-34,-3,-7,15,11,28,22,64,14,14,12,12,-8,-8,-8,-14,-36,-37,-85,-37,-37,-15,-135,-15,-20,-8,-8,-8,-8,-8,-8,-8,-8,-8,-8,-8,-8,-8,-8,-8,-8,-8,-8,-8,-8,-8,-8,-8,-8,-8,-8,-8,-8,0,-8,-8,-8,-8,-8,0,-8]} 1. d4 d5 2. c4 e6 3. Nc3 c6 4. Nf3 Nf6 5. g3 dxc4 6. Bg2 b5 7. Ne5 Nd5 8. e4 {E04: Open Catalan: 5 Nf3} Nb4 9. a3 Qxd4 10. axb4 {White is slightly better.} Qxe5 11. Bf4 Qf6 {...e5 is the strong threat.} 12. e5 Qd8 13. Qxd8+ (13. O-O {looks sharper.} a5 14. Qh5 Bxb4 15. Qg4 Kf8 16. Nxb5 cxb5 17. Rfd1) 13... Kxd8 {[#]} 14. O-O-O+ $146 (14. Nxb5 $5 {[%cal Rf4g5]} Bxb4+ 15. Bd2 Bxd2+ 16. Kxd2 $14) ({Predecessor:} 14. Nxb5 Bxb4+ 15. Bd2 Bxd2+ 16. Kxd2 {½-½ (39) Tregubov,P (2646)-Pavasovic,D (2597) Kallithea 2008}) 14... Kc7 15. Nxb5+ $1 cxb5 16. Bxa8 Bxb4 17. Bd2 $1 {[%cal Rd2b4]} Bxd2+ 18. Rxd2 Nd7 19. f4 Nc5 20. Kb1 Ba6 21. Bf3 b4 22. Rd6 {Threatens to win with Rc6+.} Bb5 23. Be2 Rd8 24. Rhd1 Rxd6 25. Rxd6 $11 {[%mdl 4096] Endgame KRB-KBN} a5 26. g4 (26. f5 $5) 26... a4 27. h4 (27. Rd1 $11) 27... a3 $1 $17 28. bxa3 Ne4 {aiming for ...Nc3+.} ({Stronger than} 28... bxa3 29. Rd2 $14) 29. Bxc4 {[%mdl 64] Decoy} Bxc4 30. Rd4 {[#]} Kb6 (30... Be2 $1 $17 31. Rxb4 Bxg4) 31. Kc1 $11 Bd5 32. Rxb4+ Kc5 33. Kc2 f6 34. exf6 gxf6 (34... Nxf6 {seems wilder.} 35. g5 Nd7 36. Kd3 Nb6 37. Rb2 Bc6) 35. g5 fxg5 (35... e5 $5 {[%cal Re5f4]} 36. Kd3 Nf2+ 37. Ke3 Ng4+ 38. Kd2 fxg5 39. hxg5 exf4 40. Rxf4 Ne5 $11) 36. fxg5 Bc6 37. Kd3 Nd6 38. h5 Nf7 $1 39. g6 hxg6 $1 40. hxg6 Ne5+ {[%mdl 64] Double Attack} 41. Ke3 Nxg6 42. Rb1 Ne5 {Strongly threatening ...Nc4+.} 43. Rc1+ Nc4+ 44. Kd3 {[#]} (44. Kf4 $1 $11) 44... Bd5 (44... Kd5 $1 $17 45. Ra1 (45. Rxc4 $2 Bb5 {[%mdl 64] Pin} 46. Ke2 Bxc4+ 47. Kf3 Kd4 48. Kf2 e5 49. a4 e4 50. Ke1 e3 51. Kd1 Kd3 52. Ke1 e2 53. a5 Ba6 54. Kf2 Kd2 55. Kg3 e1=Q+ 56. Kf4 Qe6 57. Kf3 Bc8 58. Kg2 Qe2+ 59. Kg3 Ke3 60. Kh4 Qg4#) 45... e5) 45. a4 $1 {The position is equal.} Kb4 46. Kd4 Nd2 47. Rc8 Nf3+ ({Much less strong is} 47... Kxa4 48. Rb8 $17) 48. Ke3 Ne5 49. Kf4 Nc4 50. Kg5 Kxa4 51. Kf6 $1 Nd6 52. Rb8 Ka5 53. Ke5 Nc4+ 54. Kf6 Nb6 {White must now prevent ...Nd7+.} 55. Re8 Nd7+ 56. Ke7 Nc5 57. Kd6 Kb6 58. Re7 Nb7+ 59. Ke5 Nc5 {And now ...Kc6 would win.} 60. Kd6 $1 Kb5 61. Re8 Nb7+ 62. Ke5 Nc5 63. Kd6 {Accuracy: White = 69%, Black = 47%.} 1/2-1/2

[Event "RUS-IND U14 Match 2019"]
[Site "Sochi"]
[Date "2019.06.06"]
[Round "1.39"]
[White "Ravi Teja R"]
[Black "Kirchei, Viktoriia"]
[Result "1/2-1/2"]
[WhiteElo "1047"]
[BlackElo "2026"]
[Annotator "NA RC"]
[PlyCount "116"]
[EventDate "2019.06.02"]
[EventType "team-tourn"]
[EventCountry "RUS"]
[SourceTitle "playchess.com"]
[Source "ChessBase"]
[SourceQuality "1"]
[WhiteTeam "India"]
[BlackTeam "Russia"]
[WhiteTeamCountry "IND"]
[TimeControl "5400+30"]

1. e4 {[%emt 0:00:43]} d6 {[%emt 0:00:00]} 2. d4 {[%emt 0:00:00]} Nf6 {[%emt 0:00:00]} 3. Nc3 {[%emt 0:00:00]} e5 {[%emt 0:00:00]} 4. Nf3 {[%emt 0:00:41]} Nbd7 {[%emt 0:00:27]} 5. Bc4 {[%emt 0:01:34]} Be7 {[%emt 0:00:23]} 6. O-O {[%emt 0:01:11]} O-O {[%emt 0:03:20]} 7. h3 {[%emt 0:02:11]} a6 {[%emt 0:00:00]} 8. a4 {[%emt 0:00:17]} b6 {[%emt 0:00:35]} 9. Re1 {[%emt 0:06:34]} Bb7 {[%emt 0:00:15]} 10. dxe5 {[%emt 0:03:18]} dxe5 {[%emt 0:00:00]} 11. Nd5 {[%emt 0:00:56]} Nxd5 {[%emt 0:00:21]} 12. Bxd5 {[%emt 0:01:51]} c6 {[%emt 0:00:51]} 13. Ba2 {[%emt 0:05:49]} Qc7 {[%emt 0:00:36]} 14. c3 {[%emt 0:01:05]} Rad8 {[%emt 0:02:10]} 15. Qc2 {[%emt 0:12:45]} a5 {[%emt 0:09:02]} 16. Bc4 {[%emt 0:03:55]} Nc5 {[%emt 0:03:01]} 17. Be3 {[%emt 0:05:40]} Ba6 {[%emt 0:03:14]} 18. Bxa6 {[%emt 0:00:18]} Nxa6 {[%emt 0:00:08]} 19. Rad1 {[%emt 0:05:20]} Nc5 {[%emt 0:01:12]} 20. Bxc5 {[%emt 0:02:00]} Bxc5 {[%emt 0:00:19]} 21. Rxd8 {[%emt 0:06:47]} Rxd8 {[%emt 0:00:14]} 22. Rd1 {[%emt 0:00:35]} Rxd1+ {[%emt 0:02:58]} 23. Qxd1 {[%emt 0:00:00]} Qd6 {[%emt 0:01:44]} 24. Qe2 {[%emt 0:09:28]} g6 {[%emt 0:09:12]} 25. Nd2 {[%emt 0:02:51]} Qc7 {[%emt 0:12:20]} 26. Kf1 {[%emt 0:05:52]} Bf8 {[%emt 0:05:31]} 27. Qc4 {[%emt 0:02:45]} Bh6 {[%emt 0:13:38]} 28. Nf3 {[%emt 0:00:47]} Qd6 {[%emt 0:01:21]} 29. Ke2 {[%emt 0:00:17]} Bc1 {[%emt 0:01:43]} 30. b3 {[%emt 0:03:05]} Kg7 {[%emt 0:04:22]} 31. Qd3 {[%emt 0:00:44]} Ba3 {[%emt 0:00:19]} 32. Qxd6 {[%emt 0:06:11]} Bxd6 {[%emt 0:00:37]} 33. Kd3 {[%emt 0:01:37]} Kf6 {[%emt 0:01:04]} 34. Ne1 {[%emt 0:03:04]} Bc5 {[%emt 0:02:27]} 35. f3 {[%emt 0:01:09]} b5 {[%emt 0:00:52]} 36. Nc2 {[%emt 0:01:43]} bxa4 {[%emt 0:01:02]} 37. bxa4 {[%emt 0:00:02]} Ke6 {[%emt 0:00:44]} 38. Na1 {[%emt 0:01:46]} Kd6 {[%emt 0:01:21]} 39. Nb3 {[%emt 0:00:00]} Bb6 {[%emt 0:00:05]} 40. Kc4 {[%emt 0:00:42]} h6 {[%emt 0:03:44]} 41. Kd3 {[%emt 0:01:43]} Bc7 {[%emt 0:02:23]} 42. Nd2 {[%emt 0:00:35]} f6 {[%emt 0:02:18]} 43. Nc4+ {[%emt 0:00:26]} Kc5 {[%emt 0:00:48]} 44. Ne3 {[%emt 0:01:40]} Bd8 {[%emt 0:02:41]} 45. h4 {[%emt 0:00:46]} Be7 {[%emt 0:04:53]} 46. h5 {[%emt 0:01:39]} gxh5 {[%emt 0:00:21]} 47. Nf5 {[%emt 0:00:01]} Bf8 {[%emt 0:00:48]} 48. Ng3 {[%emt 0:00:06]} Kd6 {[%emt 0:01:40]} 49. Nxh5 {[%emt 0:00:14]} Ke6 {[%emt 0:00:06]} 50. Ng3 {[%emt 0:00:16]} Kd7 {[%emt 0:03:55]} 51. Nf5 {[%emt 0:01:26]} Ke6 {[%emt 0:00:13]} 52. Ke2 {[%emt 0:00:58]} Kf7 {[%emt 0:01:29]} 53. Ne3 {[%emt 0:00:21]} Bd6 {[%emt 0:00:15]} 54. Nc4 {[%emt 0:00:41]} Bc7 {[%emt 0:00:11]} 55. Ne3 {[%emt 0:00:01]} Bd6 {[%emt 0:00:15]} 56. Nf5 {[%emt 0:00:44]} Bf8 {[%emt 0:00:28]} 57. Kf2 {[%emt 0:00:24]} Bc5+ {[%emt 0:00:09]} 58. Ke2 {[%emt 0:00:00]} Bf8 {[%emt 0:00:26]} 1/2-1/2

[Event "RUS-IND U14 Match 2019"]
[Site "Sochi"]
[Date "2019.06.06"]
[Round "1.40"]
[White "Savitha Shri B"]
[Black "Nur-Mukhametova, Alisa"]
[Result "0-1"]
[WhiteElo "2144"]
[BlackElo "1983"]
[Annotator "TA"]
[PlyCount "122"]
[EventDate "2019.06.02"]
[EventType "team-tourn"]
[EventCountry "RUS"]
[SourceTitle "playchess.com"]
[Source "ChessBase"]
[SourceQuality "1"]
[WhiteTeam "India"]
[BlackTeam "Russia"]
[WhiteTeamCountry "IND"]
[BlackTeamCountry "RUS"]

{[%evp 16,122,31,24,33,25,27,27,27,26,29,29,28,26,49,20,16,6,14,15,30,34,33,39,24,35,32,12,13,18,19,14,23,21,22,0,0,0,0,-79,0,-2,0,-27,0,0,0,0,0,0,0,0,0,0,0,0,0,0,0,0,0,-6,0,0,0,-8,0,0,0,0,0,-1,0,0,0,-8,0,0,0,-8,0,0,0,0,0,0,0,0,0,0,0,0,0,-8,-8,-29971,-29972,-29972,-29973,-4606,-22,-22,-22,-29983,-29984,-29985,-29986,-29986,-29987]} 1. e4 c5 2. Nf3 e6 3. d4 cxd4 4. Nxd4 Nf6 5. Nc3 d6 6. g4 h6 7. h4 Nc6 8. Rg1 d5 9. exd5 Nxd5 {B81: Sicilian Scheveningen: Keres Attack} 10. Nxd5 exd5 11. Be3 Qxh4 {White has an edge.} 12. Qf3 Nxd4 13. Bxd4 Qe7+ 14. Be2 Qe4 15. Qc3 {Black must now prevent 0-0-0.} Be6 16. f3 Qf4 17. Be5 {[#]} Qb4 $146 {[#]} ({Predecessor:} 17... Qa4 18. b3 Qb4 19. Bxg7 Rg8 20. Bd4 Qxc3+ 21. Bxc3 h5 {½-½ (21) Maze,S (2615)-Duda,J (2724) Brest 2018}) 18. Bxg7 $1 {[%mdl 512]} Rg8 (18... Bxg7 19. Qxb4) 19. a3 Qxc3+ 20. Bxc3 h5 21. Bb5+ Kd8 {[%cal Rh5g4]} 22. O-O-O hxg4 23. fxg4 Bc5 24. Rg2 Kc7 25. Bd4 (25. Be2 {looks sharper.} f5 26. b4 Be7 27. Be5+ Bd6 28. Bxd6+ Kxd6 29. g5) 25... Bxd4 26. Rxd4 Rg5 27. Rg3 {[#]} (27. Rf2 $11 {keeps the balance.}) 27... Rag8 (27... Kd6 $1 $17 28. Be2 f5) 28. Be2 $11 Kd6 29. Ra4 a6 30. Rb4 b5 31. a4 Bd7 32. axb5 Bxb5 33. Bxb5 axb5 {[%mdl 4096] Endgame KRR-KRR} 34. b3 f5 {[%cal Rg5g4]} 35. Rxb5 fxg4 36. Rb4 Ke5 37. Kd2 d4 38. Kd3 Rd8 39. Rc4 Kf4 40. Rg1 Rgd5 41. c3 Kf3 42. cxd4 g3 43. Rf1+ Kg4 44. Rg1 Kh3 {...Kh2 is the strong threat.} 45. Rh1+ $1 Kg4 46. Rg1 Rf5 47. Rc7 {Strongly threatening Rg7+.} Rf3+ 48. Kc4 Kh3 49. Rh7+ Kg4 50. Rg7+ Kh3 51. Rh7+ Kg4 52. b4 Rc8+ 53. Kd5 Rf5+ 54. Ke6 Rc6+ 55. Ke7 $2 {[%mdl 8192]} (55. Kd7 $11 Rg6 56. Re7) 55... Rc7+ 56. Ke6 Rxh7 57. Rxg3+ Kxg3 $2 (57... Kf4 $19 {( -> ...Rh6+)} 58. Rg8 Rh6+ 59. Kd7 Rb5 60. Rf8+ Ke4) 58. Kxf5 Rh5+ 59. Ke6 $2 {[%mdl 8192]} (59. Ke4 $11) 59... Kf4 {Black mates.} 60. d5 Rh6+ 61. Kd7 Ke5 {Accuracy: White = 53%, Black = 67%.} 0-1

[Event "RUS-IND U14 Match 2019"]
[Site "Sochi"]
[Date "2019.06.06"]
[Round "2.37"]
[White "Murzin, Volodar"]
[Black "Mendonca, Leon Luke"]
[Result "1-0"]
[WhiteElo "2418"]
[BlackElo "2405"]
[Annotator "RC"]
[PlyCount "71"]
[EventDate "2019.06.02"]
[EventType "team-tourn"]
[EventCountry "RUS"]
[SourceTitle "playchess.com"]
[Source "ChessBase"]
[SourceQuality "1"]
[WhiteTeam "Russia"]
[BlackTeam "India"]
[WhiteTeamCountry "RUS"]
[BlackTeamCountry "IND"]
[TimeControl "5400+30"]

1. e4 {[%emt 0:00:00]} c5 {[%emt 0:00:00]} 2. Nf3 {[%emt 0:00:00]} d6 {[%emt 0:00:06]} 3. Bb5+ {[%emt 0:00:00]} Bd7 {[%emt 0:00:00]} 4. Bxd7+ {[%emt 0:00:00]} Qxd7 {[%emt 0:00:00]} 5. O-O {[%emt 0:00:00]} Nc6 {[%emt 0:00:07]} 6. c3 {[%emt 0:00:06]} Nf6 {[%emt 0:00:15]} 7. d4 {[%emt 0:00:08]} Nxe4 {[%emt 0:00:47]} 8. d5 {[%emt 0:00:17]} Nd8 {[%emt 0:15:09]} 9. Re1 {[%emt 0:01:54]} Nf6 {[%emt 0:06:40]} 10. Bg5 {[%emt 0:01:50]} h6 {[%emt 0:01:57]} 11. Bxf6 {[%emt 0:02:29]} gxf6 {[%emt 0:10:13]} 12. Nbd2 {[%emt 0:02:08]} f5 {[%emt 0:00:08]} 13. Nh4 {[%emt 0:00:29]} Rg8 {[%emt 0:21:45]} 14. Qf3 {[%emt 0:11:46]} Rg5 {[%emt 0:02:21]} 15. g3 {[%emt 0:08:08]} e5 {[%emt 0:09:19]} 16. dxe6 {[%emt 0:04:25]} fxe6 {[%emt 0:06:19]} 17. Nxf5 {[%emt 0:02:27]} Qf7 {[%emt 0:00:57]} 18. Ne3 {[%emt 0:01:52]} Qxf3 {[%emt 0:01:30]} 19. Nxf3 {[%emt 0:01:23]} Rg8 {[%emt 0:03:33]} 20. Rad1 {[%emt 0:00:06]} Be7 {[%emt 0:02:26]} 21. Nc4 {[%emt 0:01:46]} Kd7 {[%emt 0:03:08]} 22. Nce5+ {[%emt 0:07:13]} Kc7 {[%emt 0:00:47]} 23. Nd3 {[%emt 0:03:59]} Bf6 {[%emt 0:01:31]} 24. Nf4 {[%emt 0:00:43]} Kd7 {[%emt 0:03:39]} 25. Nd2 {[%emt 0:02:44]} Be7 {[%emt 0:00:15]} 26. Nc4 {[%emt 0:01:46]} Rb8 {[%emt 0:03:07]} 27. Ng6 {[%emt 0:03:18]} Nf7 {[%emt 0:05:06]} 28. Nge5+ {[%emt 0:07:05]} Nxe5 {[%emt 0:00:50]} 29. Nxe5+ {[%emt 0:00:15]} Kc7 {[%emt 0:01:13]} 30. Nd3 {[%emt 0:00:02]} e5 {[%emt 0:00:30]} 31. f4 {[%emt 0:00:34]} Rbd8 {[%emt 0:00:38]} 32. fxe5 {[%emt 0:03:06]} d5 {[%emt 0:00:38]} 33. Rf1 {[%emt 0:00:29]} Rgf8 {[%emt 0:00:30]} 34. Nf4 {[%emt 0:00:14]} Kc6 {[%emt 0:00:33]} 35. Kg2 {[%emt 0:03:07]} Bg5 {[%emt 0:00:27]} 36. Ne6 {[%emt 0:00:00]} 1-0

[Event "RUS-IND U14 Match 2019"]
[Site "Sochi"]
[Date "2019.06.06"]
[Round "2.38"]
[White "Tsvetkov, Andrey"]
[Black "Gukesh D"]
[Result "1-0"]
[WhiteElo "2323"]
[BlackElo "2543"]
[Annotator "TA"]
[PlyCount "103"]
[EventDate "2019.06.02"]
[EventType "team-tourn"]
[EventCountry "RUS"]
[SourceTitle "playchess.com"]
[Source "ChessBase"]
[SourceQuality "1"]
[WhiteTeam "Russia"]
[BlackTeam "India"]
[WhiteTeamCountry "RUS"]
[BlackTeamCountry "IND"]

{[%evp 10,103,4,26,19,10,72,54,71,36,46,35,43,41,44,50,52,56,80,75,116,131,137,121,116,114,112,120,141,122,134,126,145,76,258,253,238,203,206,191,193,193,173,96,90,74,79,64,76,78,82,50,164,163,202,197,189,199,243,241,276,273,266,235,238,235,270,270,270,270,270,0,193,0,244,240,279,265,505,501,1669,1701,1712,1617,1049,550,2145,1393,29969,29969,29967,29965,29978,29978,29976,29969]} 1. d4 Nf6 2. c4 e6 3. Nc3 Bb4 4. f3 d5 5. a3 Be7 6. e4 dxc4 {E20: Nimzo-Indian: 4 g3 and 4 f3} (6... dxe4 7. fxe4 c5 8. d5 exd5 9. exd5 O-O 10. Bf4 Re8 11. Be2 Bg4 12. Qd2 Nh5 13. Be3 Bd6 14. O-O-O Rxe3 15. Bxg4 Rxc3+ 16. Qxc3 {0-1 (32) Volkov,S (2645)-Vitiugov,N (2722) St Petersburg 2017}) 7. Be3 a6 (7... b5 $11 {remains equal.}) 8. Bxc4 $16 b5 {White is slightly better.} 9. Bd3 $146 ({Predecessor:} 9. Ba2 Bb7 10. Nge2 {½-½ (10) Abrashkin,B (2391)-Bryzgalin,K (2439) St Petersburg 2002}) 9... Bb7 10. Nge2 Nbd7 11. b4 c6 12. Qc2 e5 13. Rd1 Qc8 14. O-O exd4 15. Nxd4 {aiming for Nf5.} g6 16. Nb3 O-O 17. Qf2 Qc7 18. Rc1 Rac8 19. Rfd1 Rfd8 20. Be2 Qb8 21. f4 (21. g4 $142) 21... Bf8 $2 (21... c5 $16 {keeps fighting.}) 22. e5 $18 Nd5 23. Nxd5 cxd5 24. Na5 Rxc1 25. Rxc1 {Strongly threatening Ba7.} Rc8 26. Nxb7 (26. e6 $18 fxe6 27. Bg4) 26... Rxc1+ $16 27. Bxc1 Qxb7 28. Bf3 Qc7 29. Bb2 Nb6 30. Qd4 {And now e6 would win.} Nc4 {[#]} (30... Na4 $1 $14) 31. Bc3 $1 $18 ({Don't play} 31. Bxd5 $6 Nxb2 32. Qxb2 Bc5+ 33. Kf1 (33. bxc5 Qxc5+ {[%mdl 64] Double Attack} 34. Kf1 Qxd5 $11) 33... Bb6 $14) 31... Qb6 32. Qxb6 ({Stronger than} 32. Bxd5 Qxd4+ 33. Bxd4 Nxa3 $11) 32... Nxb6 {[%mdl 4096] Endgame KBB-KBN} 33. Kf2 Be7 34. Ke3 Kf8 35. Kd4 Nc4 36. Bxd5 Nxa3 {intending ...Nc2+.} 37. Kd3 Ke8 38. g4 Nb1 39. Be1 Na3 40. Bc3 Nb1 $1 {[#]} 41. Be1 (41. Bc6+ $142 $1 Kd8 42. Be1) 41... Na3 42. f5 Bg5 43. Bc3 Be7 $2 (43... Bh6 44. Bb7 Kd7 45. Bxa6 Kc6) 44. f6 Bf8 (44... Bd8 $142 45. Bb7 Bb6 46. Bxa6 Kf8) 45. g5 Nb1 46. Be1 Na3 47. h4 h5 48. Ba2 Nc4 49. Bxc4 {White mates.} bxc4+ 50. Kxc4 Kd8 51. Bf2 Kd7 52. Bc5 {Accuracy: White = 76%, Black = 41%.} 1-0

[Event "RUS-IND U14 Match 2019"]
[Site "Sochi"]
[Date "2019.06.06"]
[Round "2.39"]
[White "Kirchei, Viktoriia"]
[Black "Savitha Shri B"]
[Result "1-0"]
[WhiteElo "2026"]
[BlackElo "2144"]
[Annotator "TA"]
[PlyCount "107"]
[EventDate "2019.06.02"]
[EventType "team-tourn"]
[EventCountry "RUS"]
[SourceTitle "playchess.com"]
[Source "ChessBase"]
[SourceQuality "1"]
[WhiteTeam "Russia"]
[BlackTeam "India"]
[BlackTeamCountry "IND"]

{[%evp 11,107,21,16,22,18,23,26,24,23,17,25,20,20,34,23,26,32,20,26,18,29,14,56,54,56,60,67,66,54,19,36,42,37,43,61,32,56,3,77,70,83,81,83,80,152,143,125,133,233,231,250,250,251,251,205,131,284,286,229,207,281,278,547,508,501,442,697,677,688,687,655,680,840,531,514,496,577,445,438,426,383,380,451,447,535,543,499,348,345,342,5514,5381,29977,29978,29979,29980,29979,29980]} 1. e4 c5 2. Nf3 d6 3. d4 cxd4 4. Qxd4 Nc6 5. Bb5 Bd7 $146 ({Predecessor:} 5... Nf6 6. O-O Bd7 7. Qd3 g6 8. c4 Bg7 9. Nc3 O-O 10. h3 a6 11. Bxc6 {½-½ (40) Andreikin,D (2737)-Vachier Lagrave,M (2775) Tbilisi 2015}) 6. Qd3 Nf6 7. c4 {B53: Sicilian: 2...d6: Lines with Qxd4} a6 8. Bxc6 Bxc6 9. Nc3 {White has an edge.} g6 10. O-O Bg7 11. h3 O-O 12. Nd4 Nd7 13. Be3 Rc8 14. Rac1 Nc5 15. Qb1 Bd7 16. Rfd1 Ne6 (16... f5 $5 {[%cal Rf5f4]} 17. f3 fxe4 18. Nxe4 Qe8 $11) 17. Nxe6 fxe6 18. Ne2 Qe8 19. b3 Qf7 20. Nd4 Be5 21. Qd3 Bf4 22. Ne2 {[%cal Bd4e2,Be2c3,Bc3d5,Bd5c7,Bc7e6][%mdl 32]} e5 23. a4 Qf6 24. Rc2 (24. Bxf4 $14 exf4 25. Nd4) 24... Rf7 (24... Bxe3 $11 25. Qxe3 b5) 25. Bb6 $16 Be6 26. Nc3 h5 27. Nd5 $36 {[%mdl 2048] Black is under strong pressure.} Qg7 (27... Bxd5 $142 28. cxd5 (28. Qxd5 Rc6 $14) 28... Rff8) 28. Nc7 Bd7 29. c5 Bc6 (29... Kh7 $16 30. cxd6 exd6 31. Qxd6 g5) 30. cxd6 $18 exd6 31. Ne6 ({Stronger than} 31. Qxd6 Rfxc7 32. Bxc7 Rxc7 $17) 31... Qf6 32. Qxd6 Re8 33. Nc5 Qg5 $2 {[#]} (33... Bh6 $16 34. Ba5 g5) 34. Bd8 Qh6 35. Rc3 h4 36. Qd3 b6 $2 (36... g5 37. Qc4 b5) 37. Bxb6 g5 38. Qe2 Bb7 (38... Kh7 $142 39. Nxa6 Bxa4 40. bxa4 Qxb6) 39. Nxb7 Rxb7 40. a5 Qg6 41. Rcd3 Rg7 42. Rd7 Rxd7 43. Rxd7 Rc8 44. Rc7 Rxc7 45. Bxc7 Kg7 46. Bb6 Qd6 47. Be3 Qb4 48. Bxf4 exf4 {[%mdl 4096] Endgame KQ-KQ} 49. e5 Qxa5 50. e6 {Threatens to win with e7.} Qb5 $2 (50... Qa1+ 51. Kh2 f3 52. gxf3 Kf8) 51. Qb2+ Kg6 {[#]} 52. Qh8 $1 {White mates.} Qb7 53. Qf8 Qg7 54. e7 {Accuracy: White = 81%, Black = 35%.} 1-0